MARC

LEADER 00000nam0a2200000 4500
001 358056
005 20231102011044.0
035 |a (RuTPU)RU\TPU\retro\15324 
090 |a 358056 
100 |a 20200812d1973 km y0rusy50 ca 
101 0 |a rus 
102 |a RU 
105 |a a z 001zy 
200 1 |a Машины для литья под давлением  |f В. А. Антонов, М. Д. Белостоцкий, В. Э. Берин [и др.]  |g под ред. Б. Е. Розенберга 
210 |a Москва  |c Машиностроение  |d 1973 
215 |a 286 с.  |c ил. 
320 |a Библиогр.: с. 283-284 
606 1 |a Литье под давлением  |x Механизация  |2 stltpush  |3 (RuTPU)RU\TPU\subj\40486  |9 60332 
610 1 |a машины 
610 1 |a классификация 
610 1 |a конструкции 
610 1 |a узлы 
610 1 |a расчет 
610 1 |a конструирование 
610 1 |a гидравлический привод 
610 1 |a автоматизация 
610 1 |a оборудование 
610 1 |a эксплуатация 
610 1 |a ремонт 
610 1 |a безопасность 
675 |a 621.74.043.2  |v 4 
701 1 |a Антонов  |b В. А.  |g Владимир Александрович 
701 1 |a Белостоцкий  |b М. Д.  |g Моисей Давыдович 
701 1 |a Берин  |b В. Э.  |g Виллибальд Эдмундович 
701 1 |a Денисенко  |b В. В.  |g Виктор Васильевич 
701 1 |a Заславский  |b М. Л.  |g Михаил Лейбович 
701 1 |a Навроцкий  |b Н. В.  |g Николай Викторович 
701 1 |a Розенберг  |b Б. Е.  |g Борис Ефимович 
702 1 |a Розенберг  |b Б. Е.  |g Борис Ефимович  |4 340 
801 1 |a RU  |b 63413507  |c 20200812 
801 2 |a RU  |b 63413507  |c 20210331  |g RCR 
942 |c BK